{"text_format":"1","workbook":"xlsx","n_sheets":1,"sheets":["inv_vivero_abril_2022"],"not_rendered":{"charts":0,"images":2,"macros":0,"external_links":0,"defined_names":1,"comments":0,"pivot_tables":0},"unopened":[],"bounds":{"document_bytes":16777216,"sheet_cells":100000,"rows_first":2000,"rows_last":500,"rows_between":2000,"halvings":0,"cell_chars":16384,"cell_head_chars":4096},"cells_cut":0,"cells_raw":0,"read":"whole","date_system":"1900"}

{"sheet":"inv_vivero_abril_2022","index":0,"n_rows":84,"n_cols":8,"rows_kept":84,"cut":false,"hidden":false,"merged":[[1,0,1,7],[2,0,2,7],[3,0,3,7],[6,0,10,0],[6,1,10,1],[6,2,10,2],[6,3,10,3],[6,4,10,4],[6,5,10,5],[6,6,10,6],[6,7,10,7],[19,0,19,6],[33,0,33,7],[66,0,66,7],[34,0,34,7],[35,0,35,7],[37,0,41,0],[37,1,41,1],[37,2,41,2],[37,3,41,3],[83,0,83,6],[37,4,41,4],[37,5,41,5],[37,6,41,6],[37,7,41,7],[50,0,50,6],[70,0,74,0],[70,1,74,1],[70,2,74,2],[70,3,74,3],[70,4,74,4],[70,5,74,5],[70,6,74,6],[70,7,74,7],[67,0,67,7],[68,0,68,7]]}
[]
["INSTITUTO DEL TABACO DE LA REPÚBLICA DOMINICANA"]
["INVENTARIO DE VIVERO"]
["MES DE JULIO 2022"]
[]
[]
["Fecha de adquisición y/o registro","Artículo","Código institucional","Descripción artículo","Existencia","Unidad","Costo","Valor"]
[]
[]
[]
[]
["2021-08-31","FERTILIZANTE ( 1 )","AGU-CRI","PLANTA DE AGUACATE CRIOLLO",10,"UND",10,{"$f":"+G12*E12","v":100}]
["2021-08-31","GENERAL ( 10 )","PITA-HAYA","PLANTA DE PITAHAYA",200,"UND",10,{"$f":"+G13*E13","v":2000}]
["2021-08-31","GENERAL ( 10 )","PLAN-ALM","PLANTA DE ALMENDRA",30,"UND",10,300]
["2021-08-31","GENERAL ( 10 )","PLANT-GUANABA","PLANTA DE GUANABANA",550,"UND",10,5500]
["2021-08-31","GENERAL ( 10 )","PLANT-NARAGRIA","PLANTA DE NARANJA  AGRIA",271,"UND",10,2710]
["2021-08-31","GENERAL ( 10 )","PLANT-PALMANILA","PLANTA DE PALMA MANILA",115,"UND",10,1150]
["2021-08-31","OTROS ( 5 )","PLANTZAPOTE","PLANTA DE ZAPOTE",1,"UND",10,10]
["2021-08-31","OTROS ( 5 )","PLANUVAPLAY","PLANTA UVA DE PLAYA",80,"UNIDAD",10,800]
["TOTAL",null,null,null,null,null,null,{"$f":"SUM(H12:H19)","v":12570}]
[]
[]
[]
[]
[]
[]
[]
[]
[]
[]
[]
[]
[]
["INSTITUTO DEL TABACO DE LA REPÚBLICA DOMINICANA"]
["INVENTARIO DE VIVERO"]
["MES DE AGOSTO 2022"]
[]
["Fecha de adquisición y/o registro","Artículo","Código institucional","Descripción artículo","Existencia","Unidad","Costo","Valor"]
[]
[]
[]
[]
["2021-08-31","FERTILIZANTE ( 1 )","AGU-CRI","PLANTA DE AGUACATE CRIOLLO",10,"UND",10,{"$f":"+G43*E43","v":100}]
["2021-08-31","GENERAL ( 10 )","PITA-HAYA","PLANTA DE PITAHAYA",200,"UND",10,{"$f":"+G44*E44","v":2000}]
["2021-08-31","GENERAL ( 10 )","PLAN-ALM","PLANTA DE ALMENDRA",30,"UND",10,300]
["2021-08-31","GENERAL ( 10 )","PLANT-GUANABA","PLANTA DE GUANABANA",550,"UND",10,5500]
["2021-08-31","GENERAL ( 10 )","PLANT-NARAGRIA","PLANTA DE NARANJA  AGRIA",271,"UND",10,2710]
["2021-08-31","GENERAL ( 10 )","PLANT-PALMANILA","PLANTA DE PALMA MANILA",115,"UND",10,1150]
["2021-08-31","OTROS ( 5 )","PLANTZAPOTE","PLANTA DE ZAPOTE",1,"UND",10,10]
["2021-08-31","OTROS ( 5 )","PLANUVAPLAY","PLANTA UVA DE PLAYA",80,"UNIDAD",10,800]
["TOTAL",null,null,null,null,null,null,{"$f":"SUM(H43:H50)","v":12570}]
[]
[]
[]
[]
[]
[]
[]
[]
[]
[]
[]
[]
[]
[]
[]
["INSTITUTO DEL TABACO DE LA REPÚBLICA DOMINICANA"]
["INVENTARIO DE VIVERO"]
["MES DE SEPTIEMBRE 2022"]
[]
["Fecha de adquisición y/o registro","Artículo","Código institucional","Descripción artículo","Existencia","Unidad","Costo","Valor"]
[]
[]
[]
[]
["2021-08-31","FERTILIZANTE ( 1 )","AGU-CRI","PLANTA DE AGUACATE CRIOLLO",10,"UND",10,{"$f":"+G76*E76","v":100}]
["2021-08-31","GENERAL ( 10 )","PITA-HAYA","PLANTA DE PITAHAYA",188,"UND",10,{"$f":"+G77*E77","v":1880}]
["2021-08-31","GENERAL ( 10 )","PLAN-ALM","PLANTA DE ALMENDRA",25,"UND",10,250]
["2021-08-31","GENERAL ( 10 )","PLANT-GUANABA","PLANTA DE GUANABANA",536,"UND",10,5360]
["2021-08-31","GENERAL ( 10 )","PLANT-NARAGRIA","PLANTA DE NARANJA  AGRIA",261,"UND",10,2610]
["2021-08-31","GENERAL ( 10 )","PLANT-PALMANILA","PLANTA DE PALMA MANILA",101,"UND",10,1010]
["2021-08-31","OTROS ( 5 )","PLANTZAPOTE","PLANTA DE ZAPOTE",1,"UND",10,10]
["2021-08-31","OTROS ( 5 )","PLANUVAPLAY","PLANTA UVA DE PLAYA",80,"UNIDAD",10,800]
["TOTAL",null,null,null,null,null,null,{"$f":"SUM(H76:H83)","v":12020}]